| 000 | 00714nam a2200217 i 4500 | ||
|---|---|---|---|
| 001 | 78254 | ||
| 003 | ES-MaACL | ||
| 005 | 20230906173627.0 | ||
| 007 | t| | ||
| 008 | 041013s1965 sp ||||1| spa d | ||
| 100 | 1 |
_aHäring, Bernhard. _961847 |
|
| 245 | 1 | 3 |
_aLa confesión _b: sacramento de la alegría / _cBernhard Háring ; [tradujo, Emilio Javier Alonso Hernández]. |
| 260 |
_aMadrid : _bPerpetuo Socorro, _c1965. |
||
| 300 |
_a114 p. ; _c18 cm. |
||
| 490 | 1 |
_aPastoral y Mundo Actual ; _v1 |
|
| 650 | 0 | 4 |
_aPenitencia. _915920 |
| 700 | 1 |
_aAlonso Hernández, Emilio Javier. _920340 |
|
| 830 | 0 |
_aPastoral y Mundo Actual ; _v1 _9183585 |
|
| 852 |
_aES-MaACL _jC-27900 _bR.57242 |
||
| 999 |
_c78254 _d78254 |
||